| 000 | 00584nam a2200193 a 4500 | ||
|---|---|---|---|
| 001 | 15585 | ||
| 003 | CO-ViMGA | ||
| 008 | 141112s2004 ck r 000 u spa d | ||
| 040 |
_aCO-ViMGA _bspa _cCO-ViMGA |
||
| 082 | 0 | 4 | _a331.0986 I577e |
| 100 | 1 |
_aInstituto Maria Cano, _922540 |
|
| 245 | 1 | 0 | _aReforma laboral democrática |
| 260 |
_aBogotá, _cIsmac, _c1986 |
||
| 300 | _a58.p. | ||
| 590 |
_aForma de adquisición : Donación - - Precio : _10.000 |
||
| 650 | 1 | 4 |
_aDERECHO LABORAL - COLOMBIA - 1965 - 1986 _922541 |
| 650 | 1 | 4 |
_aREFORMA LABORAL - 1965 - 1986 _922542 |
| 942 |
_2ddc _cBK |
||
| 999 |
_c25801 _d25801 |
||